000 01137nam a22003857a 4500
001 BR0804425
003 BR-BrBNA
005 20230928102628.0
007 ta
008 230509b bl.||||| |||| 00| 0 por d
040 _aBR-BrBNA
_bpor
_cBiblioteca Nacional de Agricultura
041 _a(Por)
072 _aK10; P01
090 _ K10 BR0804425
100 1 _aCouto, E.G.
100 1 _aChig, L.A.
100 1 _aCunha, C.N. da
100 1 _aLoureiro, M. de F.
110 1 _aServiço Social do Comércio, Rio de Janeiro, RJ (Brasil). Departamento Nacional
_99470
245 1 _aEstudo sobre o impacto do fogo naq disponibilidade de nutrientes, no banco de sementes e na biota de solos da RPPN SESC Pantanal
260 3 _aRio de Janeiro, RJ (Brasil):
_c2006.
300 _a56 p.
500 _aBibliography p. 43-49; 24 illus.
650 _aPANTANO
650 _aQUEIMADA
650 _aFOGO
650 _aMEIO AMBIENTE
650 _aIMPACTO AMBIENTAL
650 _aSOLO
650 _aSEMENTE
650 _aANÁLISE ESTATÍSTICA
650 _aMATO GROSSO
909 _a202309
_bLucia
_c55
_dLucia Elande
942 _cBK
999 _c71742
_d71742